Melanoploid genitalia and mechanical isolation (Registro nro. 12942)

Detalles MARC
000 -CABECERA
Campo de control 005860000a22001930004500
090 ## - CLASIFICACIÓN LOCAL
Colección AR
Consecutivo 03907
041 0# - IDIOMA
Código de idioma para texto/pista de sonido o título separado
100 1# - ASIENTO PRINCIPAL--NOMBRE PERSONAL
Nombre personal Cantrall, I. J.
245 10 - MENCION DE TITULO
Título Melanoploid genitalia and mechanical isolation
650 14 - ASIENTO SECUNDARIO DE MATERIA - TERMINO TEMATICO
Término temático o nombre geográfico como elemento de entrada Entomología
650 14 - ASIENTO SECUNDARIO DE MATERIA - TERMINO TEMATICO
Término temático o nombre geográfico como elemento de entrada Taxonomía animal
650 14 - ASIENTO SECUNDARIO DE MATERIA - TERMINO TEMATICO
Término temático o nombre geográfico como elemento de entrada Anatomía
650 14 - ASIENTO SECUNDARIO DE MATERIA - TERMINO TEMATICO
Término temático o nombre geográfico como elemento de entrada Reproducción animal
653 ## - TERMINO DE INDIZACION - NO CONTROLADO
-- Barytettix
700 1# - ASIENTO SECUNDARIO - NOMBRE PERSONAL
Nombre personal Cohn, T. J.
700 1# - ASIENTO SECUNDARIO - NOMBRE PERSONAL
Nombre personal Cohn, T. J.
773 1# - Item fuente:
Título Proceedings Internat. Study Conf. Current and Future Problems of Acridology
Paginas del Articulo 35-46
Lugar, editorial y fecha de publicación 1970
942 ## - ELEMENTOS ADICIONALES (KOHA)
Tipo de ítem Artículo
Existencias
Withdrawn status Lost status Damaged status No para préstamo Colección Ubicación Permanente Ubicación actual Fecha de adquisición Datos de publicación Seriada Total Checkouts Número topográfico Inventario / Código de Barras Date last seen Price effective from Forma de adquisición Tipo de material
      No para Préstamo Hemeroteca Bogotá Bogotá 27/02/2015 Fuera de circulación   AR 03907 014324 25/03/2015 25/03/2015   Artículo